000 00518nam a2200169 i 4500
001 60413
003 ES-MaACL
005 20250325091442.0
007 t|
008 031104s1973 sp ||||1| spa d
100 0 _aJosemaría Escrivá de Balaguer,
_cSanto
_966981
245 1 0 _aEs Cristo que pasa
_b: homilias /
_cJosé María Escrivá de Balaguer.
260 _aMadrid :
_bRialp,
_c[1973]
300 _a421 p., 18 lám. ;
_c20 cm.
852 _aES-MaACL
_jC-52948
_bR.86024
999 _c60413
_d60413